<?xml version="1.0" encoding="UTF-8"?>
<record
    xmlns:xsi="http://www.w3.org/2001/XMLSchema-instance"
    xsi:schemaLocation="http://www.loc.gov/MARC21/slim http://www.loc.gov/standards/marcxml/schema/MARC21slim.xsd"
    xmlns="http://www.loc.gov/MARC21/slim">

  <leader>01236cam a22003011  4500</leader>
  <controlfield tag="001">gs 51000224 </controlfield>
  <controlfield tag="003">DLC</controlfield>
  <controlfield tag="005">20260227111358.0</controlfield>
  <controlfield tag="008">760223s1949    azu          s001 0 eng  </controlfield>
  <datafield tag="010" ind1=" " ind2=" ">
    <subfield code="a">gs 51000224 </subfield>
  </datafield>
  <datafield tag="035" ind1=" " ind2=" ">
    <subfield code="a">(OCoLC)2007295</subfield>
  </datafield>
  <datafield tag="040" ind1=" " ind2=" ">
    <subfield code="a">DLC</subfield>
    <subfield code="c">AzFU</subfield>
    <subfield code="d">OCoLC</subfield>
    <subfield code="d">DLC</subfield>
  </datafield>
  <datafield tag="042" ind1=" " ind2=" ">
    <subfield code="a">premarc</subfield>
  </datafield>
  <datafield tag="050" ind1="0" ind2="0">
    <subfield code="a">TN24.A6</subfield>
    <subfield code="b">W53 1949</subfield>
  </datafield>
  <datafield tag="086" ind1="0" ind2=" ">
    <subfield code="a">MN 1.3:B 85/155</subfield>
    <subfield code="2">azdocs</subfield>
  </datafield>
  <datafield tag="100" ind1="1" ind2=" ">
    <subfield code="a">Wilson, Eldred Dewey,</subfield>
    <subfield code="d">1898-1965.</subfield>
  </datafield>
  <datafield tag="245" ind1="1" ind2="0">
    <subfield code="a">Arizona nonmetallics ;</subfield>
    <subfield code="b">a summary of past production and present operations.</subfield>
    <subfield code="c">2d. ed., rev. by Eldred D. Wilson and George H. Roseveare.</subfield>
  </datafield>
  <datafield tag="260" ind1=" " ind2=" ">
    <subfield code="a">Tucson,</subfield>
    <subfield code="b">University of Arizona,</subfield>
    <subfield code="c">1949.</subfield>
  </datafield>
  <datafield tag="300" ind1=" " ind2=" ">
    <subfield code="a">60 p.</subfield>
    <subfield code="c">23 cm.</subfield>
  </datafield>
  <datafield tag="490" ind1="1" ind2=" ">
    <subfield code="a">Arizona Bureau of Mines, Mineral technology series,</subfield>
    <subfield code="v">no. 42. Bulletin no. 155</subfield>
  </datafield>
  <datafield tag="500" ind1=" " ind2=" ">
    <subfield code="a">University of Arizona bulletin, v. 29, no. 2, April 1949.</subfield>
  </datafield>
  <datafield tag="504" ind1=" " ind2=" ">
    <subfield code="a">"References cited" : p. 53-83.</subfield>
  </datafield>
  <datafield tag="650" ind1=" " ind2="0">
    <subfield code="a">Mines and mineral resources</subfield>
    <subfield code="z">Arizona.</subfield>
  </datafield>
  <datafield tag="700" ind1="1" ind2=" ">
    <subfield code="a">Roseveare, George H.,</subfield>
    <subfield code="e">joint author.</subfield>
  </datafield>
  <datafield tag="810" ind1="2" ind2=" ">
    <subfield code="a">University of Arizona.</subfield>
    <subfield code="b">State Bureau of Mines.</subfield>
    <subfield code="t">Bulletin ;</subfield>
    <subfield code="v">no. 155.</subfield>
  </datafield>
  <datafield tag="810" ind1="2" ind2=" ">
    <subfield code="a">University of Arizona.</subfield>
    <subfield code="b">State Bureau of Mines.</subfield>
    <subfield code="t">Mineral technology series ;</subfield>
    <subfield code="v">no. 42.</subfield>
  </datafield>
  <datafield tag="830" ind1=" " ind2="0">
    <subfield code="a">Bulletin (University of Arizona) ;</subfield>
    <subfield code="v">v. 20, no. 2.</subfield>
  </datafield>
  <datafield tag="999" ind1=" " ind2=" ">
    <subfield code="c">28576</subfield>
    <subfield code="d">28576</subfield>
  </datafield>
</record>
